¿Después de Zelaya qué? /

Đã lưu trong:
Chi tiết về thư mục
Tác giả chính: Moreno, Ismael
Định dạng: Texto
Các nhãn: Thêm thẻ
Không có thẻ, Là người đầu tiên thẻ bản ghi này!

MARC

LEADER 00000 a a2200000 04500
001 45420
003
040
100 |a Moreno, Ismael  
245 |a ¿Después de Zelaya qué? /  |c Ismael Moreno  
773 |g volumen28, número331 ( , 2009), páginas 38-100  
999 |c 28156  |d 28156